The European Union Quiz - Statistics

General Stats
  • This quiz has been taken 56 times
  • The average score is 14 of 18
Answer Stats
Clue Answer % Correct
Common currency used by twenty-one member states Euro
96%
Largest city Paris
96%
Country that left the European Union in 2020 United Kingdom
94%
Executive capital Brussels
92%
Most populous member state Germany
90%
Famously neutral country that widely rejected joining in a 2001 referendum Switzerland
90%
The European anthem, Ode to Joy, comes from this composer's Symphony No. 9 Ludwig van Beethoven
84%
Longest river (although a portion flows through non-member Serbia) Danube
82%
You don't need a passport to travel within this open border area {Schengen} Area
80%
British Prime Minister who called for a "United States of Europe" after WWII Winston Churchill
80%
Legislative capital Strasbourg
76%
Only non-European country to be a member state Cyprus
75%
Tallest mountain, located in the Alps between France and Italy Mont Blanc
75%
Judicial capital Luxembourg
73%
The first European community was formed to integrate these two industries (name either) Coal / steel
71%
Award the European Union was given as a whole in 2012 Nobel Peace Prize
67%
1992 treaty that officially formed the European Union Maastricht
57%
Country whose application was denied in 1987, the only such instance Morocco
37%
No matching quizzes found
Score Distribution
Percent of People with Each Score
Percentile by Number Answered
Your Score History
You have not taken this quiz